A brief history of time: from the Big Bang to black holes

Uloženo v:
Podrobná bibliografie
Hlavní autor: Hawking, Stephen W
Médium: Kniha
Jazyk:angličtina
Vydáno: Londres, Reino Unido Transworld Publishers 1989
Vydání:First edition
Témata:
Tagy: Přidat tag
Žádné tagy, Buďte první, kdo vytvoří štítek k tomuto záznamu!

MARC

LEADER 00000nam a22000007a 4500
003 CL-VaPUC
005 20240820120350.0
008 200109b ||||| |||| 00| 0 eng d
999 |c 376483  |d 376481 
020 |a 9780553176988 
040 |c Pontificia Universidad Católica de Valparaíso 
041 0 |a eng 
082 |a 530.11 HAW 1989 
100 1 |a Hawking, Stephen W  |9 321623 
245 1 2 |a A brief history of time:  |b  from the Big Bang to black holes 
250 |a First edition 
260 3 |a Londres, Reino Unido  |b Transworld Publishers  |c 1989 
300 |a 210 p 
505 0 |a 1. Our picture of the Universe. 2. Space and time. 3. The expanding Universe. 4. The uncertainty principle. 5. Elementary particles and the forces of Nature 6. Black holes. 7. Black holes ain`t so black. 8. The origin and fate of the Universe. 9. The arrow of time. 10. The unification of Physics. 11. Conclusion. Albert Einstein. Galileo Galilei. Isaac Newton. Glossary. Index 
583 |c 20200109  |k Daniel Castañeda 
650 0 0 |a Espacio y tiempo  |9 265042 
650 0 0 |a Astronomía  |9 260985 
650 0 0 |a Agujeros negros (Astronomía)  |9 375418 
650 0 0 |a Astrofísica  |9 269137 
942 |2 ddc  |c BK 
952 |0 0  |1 0  |2 ddc  |4 0  |6 530_110000000000000_HAW_1989  |7 0  |8 A  |9 495929  |a BIBGIM  |b BIBGIM  |d 2020-01-09  |i 561404K  |o 530.11 HAW 1989  |p 561404K  |r 2025-01-15  |t 1  |w 2020-01-09  |y BK  |k GIM